00672nam a2200145Ia 4500008004100000050002400041100002600065245016100091260008600252300002800338521002700366942000700393999001900400952010700419140724s9999 xx 000 0 und d aTK 5101b.D331 2011 adela Santa, Lea Roca. aWeb-based information system for Asian Association of School Human Resource Management and Development Practiotioners, Inc. (AASHPI) /cLea Roca dela Santa. aLas Piñas, Philippines :bSouthville International School and Colleges,cc2011. a38 p. :bill. ;c28 cm. aInformation Technology cTH c229267d229267 001040aCLbCLcTHESESd2014-07-24l0oTK 5101 .D331 2011pT0621r2018-05-15 00:00:00w2014-07-24yTH